000 00548nam a2200193Ia 4500
005 20260120130844.0
008 008 260114s9999 xx 000 0 eng d
020 _a9780199932696
037 _aEBOOK
040 _aCRL
_beng
_cCRL
041 _aeng
_2eng
084 _qCRL
100 _aBainbridge
_9920019
245 0 _aCorporate Governance after the Financial Crisis
260 _bOxford University PressOxford University Press
_c2012
856 _uhttps://academic.oup.com/book/12059
942 _cEBOOK
999 _c1511925
_d1511925